The knowing is in the writing : (Record no. 17865)

MARC details
000 -LEADER
fixed length control field 00615nam a2200193 a 4500
003 - CONTROL NUMBER IDENTIFIER
control field PILC
005 - DATE AND TIME OF LATEST TRANSACTION
control field 20180503095646.0
008 - FIXED-LENGTH DATA ELEMENTS--GENERAL INFORMATION
fixed length control field 080728s2006 xx 00 eng d
010 ## - LIBRARY OF CONGRESS CONTROL NUMBER
LC control number Acc#38972
020 ## - INTERNATIONAL STANDARD BOOK NUMBER
International Standard Book Number 9789715425117
040 ## - CATALOGING SOURCE
Transcribing agency Philippine Baptist Theological Seminary
050 ## - LIBRARY OF CONGRESS CALL NUMBER
Classification number Fil PL 6171.4
Item number D159 2006
100 10 - MAIN ENTRY--PERSONAL NAME
Personal name Dalisay, Jose Y. Jr
245 10 - TITLE STATEMENT
Title The knowing is in the writing :
Remainder of title notes on the practice of fiction /
Statement of responsibility, etc. Jose Y. Dalisay Jr.
260 0# - PUBLICATION, DISTRIBUTION, ETC (IMPRINT)
Place of publication, distribution, etc. Quezon City, Phils. :
Name of publisher, distributor, etc. The UP Press,
Date of publication, distribution, etc. c2006.
300 ## - PHYSICAL DESCRIPTION
Extent vii, 173 p. ; 23 cm.
650 #4 - SUBJECT ADDED ENTRY--TOPICAL TERM
Topical term or geographic name as entry element PHILIPPINE FICTION (ENGLISH)
942 ## - ADDED ENTRY ELEMENTS (KOHA)
Koha item type Circulation Books
Source of classification or shelving scheme Dewey Decimal Classification
Holdings
Withdrawn status Lost status Source of classification or shelving scheme Damaged status Not for loan Home library Current library Shelving location Date acquired Source of acquisition Total Checkouts Full call number Barcode Date last seen Price effective from Koha item type
    Dewey Decimal Classification     PBTS Library PBTS Library Filipiniana Section 07/28/2008 Gift   Fil D159 PL 6171.4 2006 38972 02/04/2026 04/02/2015 Circulation Books

Philippine Baptist Theological Seminary | 19 Tacay Road, Central Guisad, Baguio City 2600, Philippines